Welcome to CU Library Online Public Access Catalogue (OPAC)

Right to Information in Africa: (Record no. 3168)

MARC details
000 -LEADER
fixed length control field 00447nam a22001337a 4500
005 - DATE AND TIME OF LATEST TRANSACTION
control field 20250128170626.0
008 - FIXED-LENGTH DATA ELEMENTS--GENERAL INFORMATION
fixed length control field 250128b |||||||| |||| 00| 0 eng d
050 ## - LIBRARY OF CONGRESS CALL NUMBER
Classification number KQC580 RIG
245 ## - TITLE STATEMENT
Title Right to Information in Africa:
Remainder of title Manual for Civil Society/
Statement of responsibility, etc. Africa Freedom of Information Centre and fesmedia Africa
260 ## - PUBLICATION, DISTRIBUTION, ETC.
Place of publication, distribution, etc. Kampala
Name of publisher, distributor, etc. Africa Freedom of Information Centre
Date of publication, distribution, etc. 2017
300 ## - PHYSICAL DESCRIPTION
Extent 154p.
Dimensions 21 cm x 15 cm
650 ## - SUBJECT ADDED ENTRY--TOPICAL TERM
Source of heading or term Law
942 ## - ADDED ENTRY ELEMENTS (KOHA)
Source of classification or shelving scheme Library of Congress Classification
Koha item type Books
Suppress in OPAC No
999 ## -
-- 3168
-- 3168
Holdings
Withdrawn status Lost status Source of classification or shelving scheme Damaged status Not for loan Collection Home library Current library Shelving location Date acquired Total checkouts Full call number Barcode Date last seen Copy number Price effective from Koha item type
    Library of Congress Classification     Non-fiction Business Library (Miotso) Business Library (Miotso) General stacks 01/28/2025   KQC580 RIG BSSM00000696 01/28/2025 1 01/28/2025 Books
    Library of Congress Classification     Non-fiction Business Library (Miotso) Business Library (Miotso) General stacks 01/28/2025   KQC580 RIG BSSM00000697 01/28/2025 2 01/28/2025 Books
© 2023-2024 Copyright: Central University Libraries. All Rights Reserved | Created by: Mahone Tech Office